| 000 | 01244nam0a2200301 4500 | ||
|---|---|---|---|
| 001 | RU\NLR\BIBL_A\010474568 | ||
| 005 | 20260406090606.0 | ||
| 010 |
_a978-5-09-019915-5 _9588 |
||
| 021 |
_aRU _b2009-9662 _9563 |
||
| 035 | _a(NLR Aleph) 010474568 | ||
| 090 |
_a10037326 _c10037326 |
||
| 100 | _a20141009d2008 |||y0rusy50 ca | ||
| 101 | 0 | _aost | |
| 102 | _aRU | ||
| 105 | _aa|||||||||||| | ||
| 200 | 1 |
_aХӑнты азбука _fЕ. А. Нёмысова |
|
| 210 |
_aСПб. _cПросвещение, СПб. отд-ние _d2008 |
||
| 215 |
_a[20] отд. л. в папке _cцв. ил. _d31 |
||
| 300 | _aОписано по обл. | ||
| 541 | 1 |
_aХантыйская азбука в стихах (казымскмй диалект) _eнаглядно-дидакт. пособие для 1-го кл. общеобразоват. учреждений _zrus |
|
| 606 | 1 |
_aХантыйский язык _jБуквари _91813518 _3RU\NLR\AUTH\66818361 |
|
| 686 | 1 | _aШ9(2)6-Хан-7 | |
| 686 | 1 | _aШ166.512-920 | |
| 700 | 1 |
_4070 _8rus _7ca _aНемысова _bЕ. А. _f1936- _gЕвдокия Андреевна _3RU\NLR\AUTH\7758480 _941412 |
|
| 852 |
_aNLR _bОНЛ _jХант./5-16 |
||
| 942 | _cBOOK | ||
| 980 | _aNB | ||